[Event "56.SMM Kaltern/Tramin-Klausen/Rk"]
[Site "?"]
[Date "2024.12.14"]
[Round "4.1"]
[White "Schacher, Gerd"]
[Black "Panjkovic, Aleksandar"]
[Result "1-0"]
[WhiteElo "2248"]
[BlackElo "2054"]
[PlyCount "153"]
[EventDate "2024.12.15"]

{[%evp 0,153,19,-12,28,28,23,-37,14,0,45,9,38,15,47,-37,-8,-10,12,4,41,30,25,25,31,1,-5,-6,-9,-13,-9,-17,10,9,45,51,41,68,75,96,113,103,153,153,109,109,112,112,105,74,53,56,56,24,78,85,102,109,82,92,108,110,117,115,115,115,114,119,129,127,131,126,130,127,131,153,219,153,174,172,193,227,262,160,224,210,260,256,290,294,273,287,306,327,330,348,348,365,356,358,366,371,395,392,393,391,442,470,508,508,515,522,524,524,528,546,535,535,535,543,542,627,655,656,622,656,640,640,640,722,737,737,759,841,900,704,919,919,941,919,1077,1146,1109,919,1109,725,1109,725,725,725,724,988,1109,725,1743,1096]} 1. c4 d6 2. Nc3 e5 3. g3 Nf6 4. Bg2 c6 5. Nf3 Be7 6. O-O Nbd7 7. b4 O-O 8. b5 Qc7 9. d3 a6 10. bxc6 bxc6 11. Rb1 d5 12. Nd2 Bb7 13. Qc2 Rab8 14. e3 Rfe8 15. Ne2 Bd6 16. Bb2 Nc5 17. d4 exd4 18. Nxd4 Nce4 19. Nf5 Be5 20. cxd5 cxd5 21. Qxc7 Bxc7 22. Nxe4 dxe4 23. Bxf6 gxf6 24. Rfc1 Bd5 25. Rxb8 Bxb8 26. a4 Bb7 27. Rb1 Ba8 28. Bf1 a5 29. Bb5 Rd8 30. Bc6 Be5 31. Bxa8 Rxa8 32. Rc1 h5 33. Rc4 Rb8 34. Ne7+ Kg7 35. Nc6 Rb1+ 36. Kg2 Bc7 37. Rxe4 Rb2 38. Rc4 Bb6 39. Kf3 Kh6 40. Ne7 Rb4 41. Re4 Rb2 42. Rc4 Kg7 43. Nd5 Rb3 44. Rc6 Bd4 45. Ra6 h4 46. gxh4 Bc3 47. Nxc3 Rxc3 48. Rxa5 Rc4 49. Kg3 f5 50. h3 f4+ 51. exf4 Rc3+ 52. Kg4 Ra3 53. Ra8 Ra2 54. a5 Rxf2 55. a6 Rg2+ 56. Kf5 Ra2 57. a7 Ra5+ 58. Ke4 Kf6 59. h5 Kg7 60. h6+ Kh7 61. Kd4 f6 62. Kc4 Ra3 63. Kc5 Ra6 64. Kd5 Ra5+ 65. Ke6 Ra6+ 66. Kf7 f5 67. Ke7 Ra4 68. Kf6 Ra5 69. Ke6 Ra6+ 70. Kxf5 Ra5+ 71. Ke4 Ra4+ 72. Kd3 Ra3+ 73. Kc2 Ra2+ 74. Kb3 Ra1 75. f5 Ra6 76. f6 Ra1 77. Re8 1-0

[Event "56.SMM Kaltern/Tramin-Klausen/Rk"]
[Site "?"]
[Date "2024.12.16"]
[Round "4.2"]
[White "Zucchelli, Massimo"]
[Black "Seebacher, Michael"]
[Result "0-1"]
[WhiteElo "2092"]
[BlackElo "2116"]
[PlyCount "90"]
[EventDate "2024.??.??"]

{[%evp 0,90,19,31,71,62,62,47,45,60,60,78,97,83,104,94,89,98,89,81,25,6,1,-3,36,-13,26,49,62,56,73,43,42,39,37,38,45,44,65,61,66,51,52,56,70,69,86,84,108,58,79,61,79,82,87,84,83,63,84,34,91,91,84,42,44,57,33,-17,-29,-23,105,130,135,-66,-85,-73,-90,-194,-247,-256,-247,-428,-390,-398,-311,-490,-503,-502,-503,-563,-439,-29991,-29992]} 1. d4 c5 2. d5 Nf6 3. c4 e6 4. Nc3 exd5 5. cxd5 d6 6. Nf3 g6 7. e4 Bg7 8. Be2 O-O 9. h3 Re8 10. Nd2 Na6 11. O-O Rb8 12. Re1 Nc7 13. a4 b6 14. Bf1 Qe7 15. Nc4 Nd7 16. Bf4 Ne5 17. Nxe5 Bxe5 18. Qd2 Bxf4 19. Qxf4 Bd7 20. Nb5 Bxb5 21. axb5 Rb7 22. Bc4 f6 23. Ra3 Rf8 24. Qd2 Qd7 25. Rb3 Qg7 26. f4 Qh6 27. Qf2 Ne8 28. Rf3 Re7 29. g4 Ref7 30. Kg2 g5 31. fxg5 fxg5 32. Rxf7 Rxf7 33. Qg3 Rf4 34. b3 Nf6 35. e5 Ne4 36. Rxe4 Rxe4 37. exd6 Rf4 38. Qe3 Qxd6 39. Qe8+ Kg7 40. Kg1 Rf3 41. Bf1 Qxd5 42. Bg2 Qd1+ 43. Kh2 Qd6+ 44. Kg1 Rd3 45. Qa8 Qd4+ 0-1

[Event "56.SMM Kaltern/Tramin-Klausen/Rk"]
[Site "?"]
[Date "2024.12.14"]
[Round "4.3"]
[White "Bodrov, Timofey"]
[Black "Maier, Fridolin"]
[Result "1/2-1/2"]
[WhiteElo "2089"]
[BlackElo "1909"]
[PlyCount "142"]
[EventDate "2024.12.15"]

{[%evp 0,142,19,31,34,19,13,4,43,33,46,48,43,43,42,22,38,37,-2,34,-17,-30,-34,-34,-26,-21,-19,-83,-57,-72,-17,-11,-13,-13,-3,-9,-5,-36,-33,-36,-33,-48,-1,0,31,11,41,39,53,42,56,39,53,53,54,31,35,64,55,47,54,45,74,36,65,63,65,65,94,84,90,70,135,84,81,0,28,0,0,0,0,-67,-67,-64,-64,-56,-59,-62,-56,-62,-56,-157,-99,-99,-59,-92,-64,-64,0,0,0,-96,-73,-75,-75,-68,-66,-66,-73,-64,-63,-63,-49,-49,-42,-42,-26,-25,-24,-25,-25,-25,-23,-20,-20,-20,-21,-32,-32,-32,-32,-32,-32,-34,-32,-34,-29,-34,-32,-32,-32,-32,0,0,0]} 1. e4 e5 2. Nf3 Nc6 3. Bb5 f5 4. d4 fxe4 5. Bxc6 dxc6 6. Nxe5 Nf6 7. O-O Bd6 8. Qe2 O-O 9. Nc3 Qe8 10. Nxe4 Bxe5 11. dxe5 Qxe5 12. Nxf6+ Qxf6 13. c4 Bf5 14. Be3 Rad8 15. Rad1 Qg6 16. Rxd8 Rxd8 17. Rd1 Re8 18. Kf1 c5 19. b3 h6 20. h3 Qe6 21. Qf3 Be4 22. Qg3 Qc6 23. Bf4 Re7 24. Kg1 Kh7 25. Kh2 b6 26. Re1 Rd7 27. Qg4 Rf7 28. Be5 Bf5 29. Qg3 Bg6 30. Qe3 Qd7 31. f3 Qc6 32. f4 Re7 33. g4 Rd7 34. f5 Bf7 35. h4 Re7 36. g5 Bh5 37. g6+ Kg8 38. f6 gxf6 39. Qxh6 Qf3 40. Bg3 Re2+ 41. Rxe2 Qxe2+ 42. Kg1 Qd1+ 43. Kh2 Qc2+ 44. Kg1 Bxg6 45. Qe3 Qb1+ 46. Be1 Be4 47. h5 Qc2 48. Qg3+ Kh7 49. Qxc7+ Kh6 50. Qh2 Qxh2+ 51. Kxh2 Bb1 52. Bg3 Bxa2 53. Bb8 a6 54. Ba7 Bxb3 55. Bxb6 Bxc4 56. Bxc5 Kxh5 57. Kg2 Kg4 58. Kf2 Kf4 59. Ke1 Ke4 60. Kd2 a5 61. Kc3 Bb5 62. Kb2 f5 63. Ka1 f4 64. Bb6 f3 65. Ba7 Kd3 66. Bb6 Bc4 67. Ba7 a4 68. Bb6 a3 69. Ba7 Ke2 70. Bb6 f2 71. Bxf2 Kxf2 1/2-1/2

[Event "56.SMM Kaltern/Tramin-Klausen/Rk"]
[Site "?"]
[Date "2024.12.14"]
[Round "4.4"]
[White "Florian, Andreas"]
[Black "Haller, Quentin"]
[Result "0-1"]
[WhiteElo "1714"]
[BlackElo "2050"]
[PlyCount "72"]
[EventDate "2024.12.15"]

{[%evp 0,72,19,-12,57,54,33,-4,25,1,1,-4,-23,-24,-6,-15,2,-16,2,-16,-6,-6,-2,-18,4,-8,53,20,85,85,140,143,157,150,141,-71,-34,-253,-259,-272,-268,-280,-174,-286,-209,-217,-217,-216,-173,-170,-199,-211,-206,-257,-250,-266,-245,-274,-278,-293,-254,-353,-303,-348,-351,-309,-286,-362,-361,-360,-366,-369,-351,-377,-373]} 1. c4 g6 2. Nc3 Bg7 3. g3 c5 4. Bg2 Nc6 5. e4 d6 6. Nge2 h5 7. h4 Bg4 8. Qb3 Na5 9. Qc2 Nf6 10. d3 Nc6 11. Be3 Nd7 12. f3 Nb4 13. Qd2 Ne5 14. fxg4 Nbxd3+ 15. Kf1 Nb4 16. b3 Nxg4 17. Nf4 Nc2 18. Ke2 Ncxe3 19. Bf3 O-O 20. Rag1 Qa5 21. Nfd5 Nxd5 22. Nxd5 Qxd2+ 23. Kxd2 Bh6+ 24. Ke2 e6 25. Nf4 Ne5 26. Rh2 Rad8 27. Rhg2 Kh7 28. Nh3 Nc6 29. Ng5+ Kg7 30. Ke1 Nd4 31. Bd1 Bxg5 32. hxg5 d5 33. e5 Nc6 34. Re2 dxc4 35. bxc4 Rd4 36. Bb3 Rg4 0-1

[Event "56.SMM Kaltern/Tramin-Klausen/Rk"]
[Site "?"]
[Date "2024.12.14"]
[Round "4.5"]
[White "Seebacher, Reinhard"]
[Black "Bertagnolli, Gerhard"]
[Result "0-1"]
[WhiteElo "1951"]
[BlackElo "1918"]
[PlyCount "116"]
[EventDate "2024.12.15"]

{[%evp 0,116,19,31,25,-16,30,26,35,20,38,21,38,26,26,28,24,28,33,35,40,42,41,3,3,-5,8,-12,-39,-94,-137,-150,-149,-174,-99,-116,-68,-90,-79,-84,-85,-85,-76,-282,-276,-298,-13,-21,-21,-21,-30,-102,-102,-102,-103,-102,-102,-102,-109,-103,-103,-122,-119,-141,-121,-143,-116,-116,-116,-119,-126,-125,-118,-154,-147,-154,-139,-163,-147,-168,-154,-162,-156,-168,-147,-162,-148,-162,-161,-161,-166,-170,-162,-176,-123,-176,-176,-176,-176,-176,-176,-197,-173,-174,-174,-215,-215,-215,-221,-271,-274,-305,-305,-305,-305,-545,-320,-948,-992]} 1. d4 Nf6 2. c4 b6 3. Nc3 Bb7 4. f3 e6 5. e4 d6 6. Be3 Be7 7. Bd3 Nbd7 8. Nge2 c5 9. b3 cxd4 10. Nxd4 O-O 11. Qd2 d5 12. exd5 exd5 13. cxd5 Bb4 14. Nde2 Nxd5 15. Bd4 Re8 16. O-O Nc5 17. Rfd1 Nxc3 18. Bxc3 Qxd3 19. Qxd3 Nxd3 20. Rxd3 Bc5+ 21. Kf1 Ba6 22. Rd2 Rxe2 23. Rxe2 Re8 24. Rae1 f6 25. g3 Re3 26. Bd2 Rxf3+ 27. Kg2 Bxe2 28. Rxe2 Rd3 29. Bf4 Kf7 30. h4 h5 31. Rc2 a5 32. Re2 Rd1 33. Kf3 Kg6 34. Ke4 Rd4+ 35. Kf3 Kf5 36. Kg2 Rd3 37. Rc2 Kg4 38. Bc7 Rd4 39. Bf4 Rd3 40. Bc7 Rd7 41. Bb8 Rd4 42. Bc7 a4 43. bxa4 Rxa4 44. Rb2 Bd4 45. Re2 Be5 46. Bxe5 fxe5 47. Rb2 e4 48. Re2 g6 49. a3 Rd4 50. Kf2 Rd3 51. Rxe4+ Kh3 52. Re6 Rxg3 53. Rxb6 Kxh4 54. a4 g5 55. a5 Ra3 56. a6 g4 57. Rg6 Ra2+ 58. Ke3 Kg3 0-1

[Event "56.SMM Kaltern/Tramin-Klausen/Rk"]
[Site "?"]
[Date "2024.12.14"]
[Round "4.6"]
[White "Thaler, Elmar"]
[Black "Schrott, Johann"]
[Result "0-1"]
[WhiteElo "1869"]
[BlackElo "1860"]
[PlyCount "66"]
[EventDate "2024.12.14"]

{[%evp 0,66,19,31,14,-11,75,47,39,32,33,24,37,50,55,39,41,36,44,49,54,48,53,48,54,44,48,48,54,65,67,-27,12,-2,29,-76,-66,-43,-42,-15,-22,-22,-13,-16,-44,-44,-54,-103,-107,-111,-93,-105,-99,-374,-404,-517,-542,-544,-605,-586,-604,-604,-581,-584,-630,-2037,-29990,-29991,-29992]} 1. d4 Nf6 2. c4 g6 3. Nc3 d6 4. Nf3 Bg7 5. e4 O-O 6. Be2 Nbd7 7. O-O c5 8. d5 a6 9. Qc2 Rb8 10. Rb1 Qc7 11. h3 b6 12. Bg5 h6 13. Be3 Rb7 14. Ne1 Re8 15. Nd3 b5 16. cxb5 axb5 17. e5 dxe5 18. Nxc5 Nxc5 19. Nxb5 Qb8 20. Qxc5 Bf5 21. Rbc1 Rc8 22. Qb4 Rxc1 23. Rxc1 Nxd5 24. Qc5 Nxe3 25. fxe3 e4 26. b3 Qg3 27. Bg4 Rxb5 28. Qxb5 Qxe3+ 29. Kh2 Qf4+ 30. g3 Qd2+ 31. Be2 Qxc1 32. a4 Bd4 33. Bf1 Qe3 0-1

[Event "56.SMM ASD Arci Scacchi BZ-Gröden 1"]
[Site "?"]
[Date "2024.12.14"]
[Round "4.1"]
[White "Casadio, Niccolò"]
[Black "Seresin, Francesco"]
[Result "1-0"]
[WhiteElo "2229"]
[BlackElo "2333"]
[PlyCount "87"]
[SourceVersionDate "2024.12.15"]

1. c4 e6 2. g3 d5 3. Bg2 Nf6 4. Nf3 dxc4 5. Qa4+ Bd7 6. Qxc4 c5 7. Ne5 Qc8 8. Qc2 Nc6 9. Nxd7 Qxd7 10. O-O Be7 11. d3 O-O 12. a4 Rac8 13. Na3 Rfd8 14. Nc4 b6 15. Bd2 Nd4 16. Qd1 Nd5 17. Re1 h6 18. Bc3 Bf6 19. h4 Qe7 20. e4 Nb4 21. Bxb4 cxb4 22. e5 Bxh4 23. gxh4 b3 24. Re4 Rxc4 25. dxc4 Nc2 26. Qf1 Nxa1 27. Qxa1 Rd2 28. Qc1 Rc2 29. Qd1 Rxb2 30. Rd4 g6 31. h5 Qg5 32. hxg6 Rc2 33. gxf7+ Kxf7 34. Qf3+ Kg8 35. Qxb3 Rc1+ 36. Kh2 Qxe5+ 37. Qg3+ Qxg3+ 38. Kxg3 Kf7 39. Bc6 Kf6 40. Bb5 Rc3+ 41. Kg2 Ra3 42. Rd7 a6 43. Bxa6 Rxa4 44. Bb5 1-0

[Event "56.SMM ASD Arci Scacchi BZ-Gröden 1"]
[Site "?"]
[Date "2024.12.14"]
[Round "4.2"]
[White "Olivetti, Davide"]
[Black "Moroder, Stephan"]
[Result "1/2-1/2"]
[WhiteElo "2158"]
[BlackElo "2173"]
[PlyCount "96"]
[SourceVersionDate "2024.12.15"]

1. e4 c6 2. d4 d5 3. Nd2 dxe4 4. Nxe4 Bf5 5. Ng3 Bg6 6. Nf3 Nd7 7. h4 h6 8. h5 Bh7 9. Bd3 Bxd3 10. Qxd3 e6 11. Bd2 Ngf6 12. O-O-O Be7 13. Kb1 O-O 14. Ne4 Nxe4 15. Qxe4 Nf6 16. Qe2 Qd5 17. Rdg1 Qe4 18. Be3 Ng4 19. Nd2 Qf5 20. Nf1 Nxe3 21. fxe3 c5 22. Ng3 Qd5 23. Rd1 Rad8 24. Rhf1 Bh4 25. Nh1 a6 26. Nf2 Qxg2 27. a3 b5 28. Rd2 Rd5 29. Qd1 Rf5 30. Rg1 Qf3 31. Ng4 Qxd1+ 32. Rdxd1 Kh7 33. e4 Rxh5 34. d5 exd5 35. exd5 Rd8 36. Rh1 Rdxd5 37. Rxd5 Rxd5 38. Rxh4 f5 39. Rxh6+ Kg8 40. Ne3 Re5 41. Rh3 f4 42. Nd1 g5 43. Kc1 Re2 44. Nc3 Rg2 45. Kd1 g4 46. Rh5 f3 47. Ne4 c4 48. a4 b4 1/2-1/2

[Event "56.SMM ASD Arci Scacchi BZ-Gröden 1"]
[Site "?"]
[Date "2024.12.14"]
[Round "4.3"]
[White "Demetz, Rainer"]
[Black "Perino, Alberto"]
[Result "1/2-1/2"]
[WhiteElo "2199"]
[BlackElo "1986"]
[PlyCount "92"]
[SourceVersionDate "2024.12.15"]

1. Nf3 Nf6 2. c4 c5 3. d4 cxd4 4. Nxd4 e5 5. Nb5 Nc6 6. N1c3 d6 7. e3 a6 8. Na3 Be6 9. e4 g6 10. Be2 Bg7 11. O-O O-O 12. Be3 Nd4 13. Rc1 Nxe2+ 14. Qxe2 Ng4 15. f3 Nxe3 16. Qxe3 Qh4 17. Qf2 Qxf2+ 18. Kxf2 Rfc8 19. b3 b5 20. cxb5 Bh6 21. Rc2 axb5 22. Naxb5 Rc6 23. Re2 Rac8 24. Nd5 Bxd5 25. exd5 Rc2 26. Rfe1 Bd2 27. Rd1 Bb4 28. a3 Rxe2+ 29. Kxe2 Rc2+ 30. Kd3 Rc5 31. axb4 Rxd5+ 32. Kc2 Rxb5 33. Rxd6 Rxb4 34. Kc3 Rb7 35. b4 Kf8 36. Kc4 Ke7 37. Rd2 Rc7+ 38. Kb5 Rc8 39. Ka6 f5 40. b5 e4 41. fxe4 fxe4 42. b6 Rc3 43. Rb2 Ra3+ 44. Kb7 Kd7 45. Rb4 e3 46. Re4 g5 1/2-1/2

[Event "56.SMM ASD Arci Scacchi BZ-Gröden 1"]
[Site "?"]
[Date "2024.12.14"]
[Round "4.4"]
[White "Zammarchi, Massimo"]
[Black "Bernardi, Ruben"]
[Result "1-0"]
[WhiteElo "1976"]
[BlackElo "2070"]
[PlyCount "113"]
[SourceVersionDate "2024.12.15"]

1. e4 e6 2. d4 d5 3. e5 c5 4. c3 Nc6 5. Nf3 Bd7 6. a3 Qb6 7. b4 cxd4 8. cxd4 Rc8 9. Be2 Nh6 10. O-O Nf5 11. Bb2 Be7 12. g4 Nh4 13. Nbd2 h5 14. g5 Nxf3+ 15. Nxf3 Na5 16. Bc1 Nc4 17. Qd3 g6 18. Nh4 Kf8 19. Re1 Kg7 20. Nf3 a6 21. h4 Rc7 22. Qb3 Rhc8 23. Bf4 a5 24. Rab1 axb4 25. axb4 Ra8 26. Rec1 Bb5 27. Ra1 Rxa1 28. Rxa1 Ba6 29. Rb1 Nd2 30. Nxd2 Bxe2 31. Be3 Bc4 32. Qb2 Bd3 33. Ra1 Rc2 34. Qa3 Bf5 35. Qa8 Qxb4 36. Qb8 Bf8 37. Ra8 Rb2 38. Kh2 Bd3 39. Qd8 Qe7 40. Qb8 Rb6 41. Ra2 Ba6 42. Rc2 Qa3 43. Rc7 Rc6 44. Rd7 Qe7 45. Rxe7 Bxe7 46. Nb3 Be2 47. Qxb7 Rc3 48. Qxe7 Rxb3 49. Bd2 Rb8 50. Bb4 Bc4 51. Kg3 Kg8 52. Kf3 Kg7 53. Ke3 Kg8 54. f4 Bb3 55. f5 gxf5 56. g6 fxg6 57. Kf4 1-0

[Event "56.SMM ASD Arci Scacchi BZ-Gröden 1"]
[Site "?"]
[Date "2024.12.14"]
[Round "4.5"]
[White "Moroder, Thomas"]
[Black "Saroldi, Giacomo"]
[Result "1-0"]
[WhiteElo "2029"]
[BlackElo "1885"]
[PlyCount "81"]
[SourceVersionDate "2024.12.15"]

1. e4 c6 2. d4 d5 3. Nc3 dxe4 4. Nxe4 Nf6 5. Nxf6+ exf6 6. c3 Bd6 7. Bd3 O-O 8. Qc2 Re8+ 9. Be3 h6 10. O-O-O Nd7 11. Ne2 Qa5 12. Kb1 b5 13. Ng3 Nb6 14. Nf5 Bf8 15. g4 Be6 16. a3 b4 17. cxb4 Qd5 18. Kc1 Qa2 19. Kd2 Bb3 20. Qb1 Qxb1 21. Rxb1 a5 22. bxa5 Rxa5 23. Rhc1 Bd5 24. Bf4 g6 25. Ne3 Ra7 26. Nxd5 Nxd5 27. Be3 c5 28. dxc5 Nxe3 29. fxe3 Rc8 30. c6 Bd6 31. h3 Rd8 32. Ke2 Be5 33. Rc2 Rc8 34. Be4 Ra4 35. Kf3 Rc7 36. Rd1 Ra6 37. Rd7 f5 38. gxf5 gxf5 39. Bd5 Raa7 40. Bxf7+ Kf8 41. Be6 1-0

[Event "56.SMM ASD Arci Scacchi BZ-Gröden 1"]
[Site "?"]
[Date "2024.12.14"]
[Round "4.6"]
[White "De Vita, Gianni"]
[Black "Grossi, Christian"]
[Result "1-0"]
[WhiteElo "1950"]
[BlackElo "1961"]
[PlyCount "61"]
[SourceVersionDate "2024.12.15"]

1. e4 d6 2. d4 g6 3. Nc3 Bg7 4. f4 a6 5. Nf3 b5 6. Bd3 c5 7. dxc5 dxc5 8. O-O c4 9. Be2 Qb6+ 10. Kh1 Bxc3 11. bxc3 Bb7 12. e5 Nd7 13. Nd4 e6 14. a4 Ne7 15. axb5 Nd5 16. Rf3 axb5 17. Rb1 Nc7 18. Rh3 Bd5 19. Be3 Nc5 20. Qg1 Rc8 21. Nf5 gxf5 22. Bxc5 Qc6 23. Bd6 Rg8 24. Rg3 Kd7 25. Qf2 Be4 26. Bh5 f6 27. Bf7 Rxg3 28. Qxg3 Ne8 29. Bxe8+ Rxe8 30. Qg7+ Kc8 31. Rxb5 1-0

[Event "56.SMM CSK Merania-Richter/Lask"]
[Site "?"]
[Date "2024.12.14"]
[Round "4.1"]
[White "Moncher, Stefano"]
[Black "De Santis, Alessio"]
[Result "0-1"]
[WhiteElo "2162"]
[BlackElo "2120"]
[PlyCount "48"]
[EventDate "2024.??.??"]
[SourceVersionDate "2024.11.03"]

{[%evp 0,48,39,38,46,6,92,68,82,21,24,32,42,10,52,39,34,21,21,-2,16,14,9,-6,0,-14,-18,1,-3,-56,13,-89,-77,-259,-264,-289,-305,-289,-292,-337,-229,-174,-137,-179,-119,-194,259,-298,-319,-344,-358]} 1. e4 c5 2. c3 Qa5 3. Nf3 e6 4. Bd3 Nc6 5. O-O Nf6 6. Re1 d6 7. Na3 Be7 8. Nc4 Qc7 9. e5 dxe5 10. Ncxe5 Nxe5 11. Nxe5 O-O 12. Bb1 Rd8 13. d4 cxd4 14. cxd4 Qb6 15. Bg5 Qxd4 16. Bxh7+ Kxh7 17. Qc2+ Kg8 18. Rad1 Qb6 19. a3 Re8 20. Rd3 a5 21. Rh3 a4 22. Qc4 Bc5 23. Nd3 Bd4 24. Rh4 Rd8 0-1

[Event "56.SMM CSK Merania-Richter/Lask"]
[Site "?"]
[Date "2024.12.14"]
[Round "4.2"]
[White "Bonagura, Stefano"]
[Black "Bevilacqua, Maurizio"]
[Result "0-1"]
[WhiteElo "2173"]
[BlackElo "2046"]
[PlyCount "136"]
[EventDate "2024.??.??"]
[SourceVersionDate "2024.11.03"]

{[%evp 0,136,38,32,29,30,58,37,40,6,18,21,21,2,19,-2,28,15,16,6,30,31,20,25,33,26,33,12,10,9,8,5,18,23,14,38,24,24,28,10,57,56,105,26,93,-5,63,17,36,6,33,-22,-27,-52,-35,-45,-39,-111,-50,-56,-44,-53,-53,-88,-59,-61,-64,-114,-75,-145,-114,-125,-111,-141,-146,-133,-217,-214,-218,-198,-133,-162,-189,-189,-234,-321,-124,-112,-119,-137,-60,-122,-57,-68,0,0,0,0,0,0,0,-79,0,0,24,-119,-132,-262,-241,-362,-275,-301,-115,-161,-126,-250,-255,-250,-250,-250,-213,-280,-323,-380,-356,-353,-316,-387,-387,-29993,-296,-337,-357,-394,-337,-468,-592,-592,-533]} 1. d4 Nf6 2. Nf3 c5 3. e3 e6 4. Bd3 b6 5. O-O Bb7 6. Nbd2 Be7 7. b3 d6 8. Bb2 Nbd7 9. Qe2 a6 10. c4 O-O 11. Rac1 Qb8 12. Bb1 Rd8 13. e4 cxd4 14. Nxd4 g6 15. f4 e5 16. Nc2 Nh5 17. g3 b5 18. Ne3 Qa7 19. Kh1 bxc4 20. Ndxc4 exf4 21. gxf4 Ndf6 22. Ng2 d5 23. Na5 Rac8 24. Nxb7 Qxb7 25. Bxf6 Nxf6 26. e5 Ne4 27. Bxe4 dxe4 28. Rce1 Rd4 29. Ne3 Rcd8 30. Qg2 Rd2 31. Re2 Rxe2 32. Qxe2 Rd3 33. Re1 Bc5 34. Ng2 Rd4 35. Qc2 Bb4 36. Rd1 Qd7 37. Ne3 Rd3 38. Rxd3 exd3 39. Qc4 Qb7+ 40. Kg1 d2 41. Qd4 h5 42. Kf2 a5 43. a3 Bxa3 44. Qd8+ Kh7 45. Qxd2 Qxb3 46. Qxa5 Bb4 47. Qd5 Qb2+ 48. Kf3 Kg7 49. f5 Qb1 50. f6+ Kg8 51. Qd8+ Kh7 52. Qe8 Qh1+ 53. Ke2 Qxh2+ 54. Kd3 Qd2+ 55. Ke4 Qa2 56. Qb5 Bf8 57. Nd5 Qg2+ 58. Kd4 Qg4+ 59. Kd3 Qe6 60. Kd4 h4 61. Qb8 Qg4+ 62. Kd3 Bc5 63. Ne7 Qd7+ 64. Ke4 Bxe7 65. fxe7 Qxe7 66. Qd6 Qe6 67. Kf4 Qf5+ 68. Ke3 g5 0-1

[Event "56.SMM CSK Merania-Richter/Lask"]
[Site "?"]
[Date "2024.12.14"]
[Round "4.3"]
[White "Unterweger, Jonas"]
[Black "Lami, Damiano"]
[Result "0-1"]
[WhiteElo "1948"]
[BlackElo "2064"]
[PlyCount "92"]
[EventDate "2024.??.??"]
[SourceVersionDate "2024.11.03"]

{[%evp 0,92,29,29,30,27,29,-9,13,13,37,11,11,-3,24,11,24,7,14,21,6,15,70,58,58,63,63,57,66,72,79,58,58,65,65,33,40,17,97,85,85,84,84,76,72,73,126,100,88,92,92,75,75,74,121,99,107,108,80,80,110,45,64,56,91,70,70,41,86,-178,-211,-211,-15,-208,-208,-242,-242,-418,-160,-308,-272,-437,-488,-513,-453,-326,-484,-484,-510,-505,-524,-524,-509,-508,-504]} 1. d4 d5 2. Nf3 Nf6 3. c3 e6 4. Bf4 Bd6 5. e3 c5 6. Nbd2 Nc6 7. Bg3 b6 8. Ne5 Bxe5 9. dxe5 Nd7 10. Nf3 Qc7 11. c4 dxc4 12. Bxc4 b5 13. Be2 O-O 14. O-O a6 15. Qd6 Qxd6 16. exd6 Bb7 17. a4 c4 18. b3 Na5 19. bxc4 bxc4 20. Ne5 Nxe5 21. Bxe5 Rfd8 22. Rfd1 Rd7 23. Bc3 Nb3 24. Ra3 Rc8 25. Bxc4 Rxc4 26. Rxb3 h5 27. Rd4 Rc6 28. f3 Bc8 29. Bb4 e5 30. Re4 f6 31. Ba3 Rc2 32. Rh4 g6 33. g4 Rh7 34. Rd3 Rb7 35. Rd1 Rb3 36. Ra1 hxg4 37. fxg4 Rxe3 38. Bb4 Bd7 39. Rd1 Ree2 40. Rh3 Rg2+ 41. Kf1 Rxg4 42. Rb3 Bxa4 43. d7 Bb5+ 44. Rdd3 Rd4 45. Bd6 Rxd6 46. Rxb5 Rxd3 0-1

[Event "56.SMM CSK Merania-Richter/Lask"]
[Site "?"]
[Date "2024.12.14"]
[Round "4.4"]
[White "Teutsch, Alexander"]
[Black "Billio, Atto"]
[Result "1-0"]
[WhiteElo "2067"]
[BlackElo "2003"]
[PlyCount "51"]
[EventDate "2024.??.??"]
[SourceVersionDate "2024.11.03"]

{[%evp 0,51,19,31,75,54,79,62,63,56,46,46,46,24,12,0,0,14,9,17,17,-32,-4,-13,-19,-18,-18,-44,-38,-73,-73,-111,-62,-99,-107,-100,110,120,150,125,151,126,131,123,235,184,362,346,339,386,423,387,372,375]} 1. d4 f5 2. Bg5 g6 3. h4 h6 4. Bf4 Bg7 5. Nc3 Nf6 6. Qd2 d6 7. O-O-O Nc6 8. e3 e6 9. Bc4 Bd7 10. Bh2 Qe7 11. Nf3 O-O-O 12. Qe2 Rhf8 13. Bb5 Kb8 14. Rhe1 Ne4 15. Nb1 Nb4 16. Bc4 Ba4 17. b3 Nxa2+ 18. Kb2 d5 19. Bd3 Bxb3 20. cxb3 Nb4 21. Rc1 f4 22. Bxf4 Rxf4 23. exf4 Nxd3+ 24. Qxd3 Nxf2 25. Qe2 Ne4 26. Nbd2 1-0

[Event "56.SMM CSK Merania-Richter/Lask"]
[Site "?"]
[Date "2024.12.14"]
[Round "4.6"]
[White "Battiston, Claudio"]
[Black "Pangrazzi Marco"]
[Result "0-1"]
[WhiteElo "1875"]
[BlackElo "2169"]
[PlyCount "77"]
[EventDate "2024.??.??"]
[SourceVersionDate "2024.11.03"]

{[%evp 0,77,29,27,83,3,15,3,46,23,14,17,12,7,36,-8,3,21,1,-6,0,-24,47,-39,20,-39,-22,-22,-24,-41,-38,-23,-12,-26,-12,-6,-8,-22,-19,-6,155,82,86,80,48,36,38,11,59,-1,-20,-39,-18,12,-14,-32,33,43,44,25,88,111,165,143,134,107,105,105,98,115,394,0,0,-125,19,24,150,131,362,-231]} 1. Nf3 g6 2. g3 Bg7 3. Bg2 c6 4. c4 Nf6 5. O-O O-O 6. d3 d6 7. Nbd2 Nbd7 8. Rb1 a5 9. b3 e5 10. a3 d5 11. e3 Qe7 12. b4 axb4 13. axb4 e4 14. dxe4 dxc4 15. Nxc4 Nxe4 16. Bb2 Ndf6 17. Nb6 Ra6 18. Nxc8 Rxc8 19. Qc2 Bh6 20. Ne5 Nd6 21. Rfd1 Bg7 22. Qc5 Nfe8 23. Ra1 Rxa1 24. Bxa1 Qe6 25. Nf3 Qb3 26. Rf1 Ne4 27. Qa5 Bf8 28. Qe5 N4f6 29. b5 Bd6 30. Qg5 h6 31. Qxh6 Qxb5 32. Ng5 Bf8 33. Qh4 Ra8 34. Ne4 Bg7 35. Nc3 Qb3 36. Rb1 Qc2 37. Qb4 b5 38. Bxc6 Ra2 39. Nd1 0-1

[Event "56.SMM Brixen/Milland-Deutschnofen/Alp"]
[Site "?"]
[Date "2024.12.14"]
[Round "4.1"]
[White "Dappiano, Andrea"]
[Black "Brenninger, Daniel"]
[Result "1-0"]
[WhiteElo "2286"]
[BlackElo "2089"]
[PlyCount "55"]
[EventDate "2024.??.??"]

{[%evp 0,55,39,35,53,29,22,18,67,38,48,39,43,16,1,12,-1,-15,-16,-14,-9,-44,-10,-46,-43,-35,-30,-27,-24,-39,-42,-38,-55,-54,-45,-41,-32,-63,-67,-86,-92,-93,-101,-94,-95,-101,-107,-141,-137,-84,-61,-61,-58,-84,-76,-51,29995,29996]} 1. e4 e6 2. Nf3 d5 3. Nc3 Nf6 4. e5 Nfd7 5. d4 a6 6. Bd3 c5 7. dxc5 Nc6 8. Bf4 Bxc5 9. O-O h6 10. Bg3 b5 11. Re1 O-O 12. Ne2 Nb4 13. Nf4 Nxd3 14. cxd3 a5 15. Rc1 b4 16. Re2 Ba6 17. Rec2 Qb6 18. Nh5 Rfc8 19. b3 Bd4 20. Rxc8+ Rxc8 21. Rxc8+ Bxc8 22. h3 Ba6 23. Qc1 Bc3 24. Bf4 Bxd3 25. Bxh6 Nxe5 26. Ne1 Bg6 27. Bxg7 Bxe1 28. Qc8+ 1-0